[Event "La Paz Clasification op 1st"]
[Site "La Paz"]
[Date "2018.02.03"]
[Round "7"]
[White "Aguilar Flores, Fidel"]
[Black "Carlo, Daniel"]
[Result "0-1"]
[WhiteElo "1645"]
[BlackElo "2065"]
[PlyCount "73"]
[EventDate "2018.02.01"]
[EventType "swiss"]
[EventRounds "8"]
[EventCountry "BOL"]
[SourceTitle "CBM 182 Extra"]
[Source "ChessBase"]
[SourceDate "2018.02.23"]
[SourceVersion "1"]
[SourceVersionDate "2018.02.23"]
[SourceQuality "1"]

1. e4 c5 2. Nf3 e6 3. d4 cxd4 4. Nxd4 a6 5. c4 Nf6 6. Nc3 Qc7 7. Be2 Be7 8. 0-0 0-0 9. Be3 d6 10. Rc1 Nbd7 11. Qd2 b6 12. Rfd1 Bb7 13. f3 Rac8 14. b4 Qb8 15. a3 Rc7 16. Na4 Rfc8 17. Bf1 Ba8 18. Qf2 Ne5 19. c5 bxc5 20. bxc5 dxc5 21. Bf4 Nfd7 22. Qg3 cxd4 23. Rxc7 Qxc7 24. Rc1 Qxc1 25. Bxc1 Rxc1 26. Qf2 Bc6 27. Qd2 Bxa3 28. Nb2 Ra1 29. Nd1 Ba4 30. Kf2 Bxd1 31. Kg3 Bxf3 32. Bxa6 Bd6 33. Qxd4 Rxa6 34. gxf3 Bc5 35. Qd1 Ra3 36. h3 Nxf3 37. Kg4 0-1

[Event "Cochabamba op 1st"]
[Site "Cochabamba"]
[Date "2015.01.29"]
[Round "1"]
[White "Arteaga, Hugo"]
[Black "Carlo, Daniel"]
[Result "1/2-1/2"]
[WhiteElo "1622"]
[BlackElo "2061"]
[PlyCount "50"]
[EventDate "2015.01.29"]
[EventType "swiss"]
[EventRounds "7"]
[EventCountry "BOL"]
[SourceTitle "CBM 164 Extra"]
[Source "ChessBase"]
[SourceDate "2015.03.02"]
[SourceVersion "1"]
[SourceVersionDate "2015.03.02"]
[SourceQuality "1"]

1. d4 Nf6 2. c4 e5 3. e3 exd4 4. exd4 d5 5. Nc3 Nc6 6. c5 Bf5 7. Nf3 Qd7 8. Bd3 0-0-0 9. 0-0 h6 10. Bb5 Bg4 11. h3 Bh5 12. Qd3 Kb8 13. Bxc6 Qxc6 14. Ne5 Qe6 15. c6 bxc6 16. Qa6 Rd6 17. Na4 Nd7 18. Re1 c5 19. Qb5+ Kc8 20. Nxd7 Qxe1+ 21. Kh2 Rxd7 22. Qa6+ Kb8 23. Qb5+ Kc8 24. Qa6+ Kb8 25. Qb5+ Kc8 1/2-1/2

[Event "Pan American-ch U20"]
[Site "Cali"]
[Date "2010.05.26"]
[Round "9"]
[White "Moran, Daniel Stiven"]
[Black "Carlo, Daniel"]
[Result "1-0"]
[WhiteElo "2084"]
[BlackElo "2044"]
[PlyCount "67"]
[EventDate "2010.05.20"]
[EventType "swiss"]
[EventRounds "9"]
[EventCountry "COL"]
[SourceTitle "CBM 136 Extra"]
[Source "ChessBase"]
[SourceDate "2010.07.02"]
[SourceVersion "2"]
[SourceVersionDate "2010.07.15"]
[SourceQuality "1"]

1. c4 Nf6 2. Nc3 c6 3. d4 d5 4. Nf3 a6 5. c5 Nbd7 6. Ne5 e6 7. f4 Nxe5 8. fxe5 Nd7 9. e4 b6 10. exd5 cxd5 11. b4 Bb7 12. Bf4 Be7 13. Bd3 Qc7 14. Bg3 h5 15. Rc1 bxc5 16. bxc5 h4 17. Bf2 h3 18. g3 Nb8 19. 0-0 Nc6 20. Qg4 g6 21. Na4 Na5 22. Nb6 Rb8 23. Be3 Nc4 24. Nxc4 dxc4 25. Be4 Bd5 26. Bxd5 exd5 27. e6 Qc6 28. exf7+ Kf8 29. Bh6+ Rxh6 30. Qf4 Bf6 31. Qxb8+ Kxf7 32. Rxf6+ Kxf6 33. Qf8+ Kg5 34. Qf4+ 1-0

[Event "Pan American-ch U20"]
[Site "Cali"]
[Date "2010.05.23"]
[Round "5"]
[White "Duran Vega, Sergio"]
[Black "Carlo, Daniel"]
[Result "1-0"]
[WhiteElo "2082"]
[BlackElo "2044"]
[PlyCount "73"]
[EventDate "2010.05.20"]
[EventType "swiss"]
[EventRounds "9"]
[EventCountry "COL"]
[SourceTitle "CBM 136 Extra"]
[Source "ChessBase"]
[SourceDate "2010.07.02"]
[SourceVersion "2"]
[SourceVersionDate "2010.07.15"]
[SourceQuality "1"]

1. e4 c5 2. Nf3 e6 3. d4 cxd4 4. Nxd4 a6 5. Bd3 Nf6 6. 0-0 Qc7 7. Qe2 d6 8. c4 Nbd7 9. Nc3 Be7 10. f4 b6 11. Be3 Bb7 12. b4 0-0 13. Rac1 Rfe8 14. h3 Bf8 15. Nf3 Rac8 16. Qf2 Ba8 17. a3 Rb8 18. Qh4 Be7 19. Qf2 Bf8 20. Kh1 g6 21. Bd4 Bg7 22. Qh4 Qd8 23. Rcd1 Nh5 24. Qf2 Nxf4 25. Bxg7 Kxg7 26. Bc2 Qe7 27. Qd4+ e5 28. Qxd6 Qxd6 29. Rxd6 Rbd8 30. Rfd1 Re7 31. Ba4 b5 32. cxb5 Rc8 33. Rxd7 Rxd7 34. Rxd7 Rxc3 35. Nxe5 Bxe4 36. Rxf7+ Kg8 37. Rxf4 1-0

[Event "South America-ch U20 7th"]
[Site "Asuncion"]
[Date "2010.05.14"]
[Round "5.4"]
[White "Carlo, Daniel"]
[Black "Coppola, Claudio"]
[Result "0-1"]
[WhiteElo "2068"]
[BlackElo "2109"]
[PlyCount "54"]
[EventDate "2010.05.11"]
[EventType "swiss"]
[EventRounds "9"]
[EventCountry "PAR"]
[SourceTitle "EXT 2022"]
[Source "ChessBase"]
[SourceDate "2021.10.06"]
[SourceVersion "1"]
[SourceVersionDate "2021.10.06"]
[SourceQuality "1"]

1. Nf3 Nf6 2. g3 g6 3. Bg2 Bg7 4. 0-0 0-0 5. d3 d5 6. Nbd2 Nc6 7. c3 e5 8. Qc2 a5 9. e4 Re8 10. Rd1 h6 11. a4 Be6 12. Nf1 Qd7 13. Be3 Ng4 14. Bc5 f5 15. Nh4 Qf7 16. Nxg6 dxe4 17. dxe4 Bb3 18. Qe2 Bxd1 19. Rxd1 Qxg6 20. exf5 Qxf5 21. Be4 Qc8 22. Qc4+ Kh8 23. Ne3 Nxe3 24. fxe3 Qg4 25. Rf1 Rad8 26. Rf2 h5 27. Bd5 Qd1+ 0-1

[Event "South America-ch U20 7th"]
[Site "Asuncion"]
[Date "2010.05.11"]
[Round "1.3"]
[White "Carlo, Daniel"]
[Black "Almiron, Antonio"]
[Result "1-0"]
[WhiteElo "2068"]
[BlackElo "2171"]
[PlyCount "49"]
[EventDate "2010.05.11"]
[EventType "swiss"]
[EventRounds "9"]
[EventCountry "PAR"]
[SourceTitle "EXT 2022"]
[Source "ChessBase"]
[SourceDate "2021.10.06"]
[SourceVersion "1"]
[SourceVersionDate "2021.10.06"]
[SourceQuality "1"]

1. e4 c5 2. Nf3 e6 3. d3 Nc6 4. Nbd2 g6 5. g3 Bg7 6. Bg2 d6 7. 0-0 Nge7 8. c3 0-0 9. Qb3 Rb8 10. Rd1 b5 11. Nf1 b4 12. Qc2 bxc3 13. bxc3 Ba6 14. Bf4 Rb7 15. Rab1 Qd7 16. Rxb7 Bxb7 17. Rb1 Rc8 18. Bxd6 Ba6 19. Bxc5 Bxd3 20. Rd1 Bxc2 21. Rxd7 Ne5 22. Nxe5 Rxc5 23. Rd8+ Bf8 24. Rxf8+ Kxf8 25. Nd7+ 1-0

[Event "Pan American-ch U20"]
[Site "Montevideo"]
[Date "2009.10.11"]
[Round "8"]
[White "Carlo, Daniel"]
[Black "Gonzalez Reyes, Gabriel"]
[Result "1-0"]
[WhiteElo "2091"]
[BlackElo "1917"]
[PlyCount "97"]
[EventDate "2009.10.06"]
[EventType "swiss"]
[EventRounds "9"]
[EventCountry "URU"]
[SourceTitle "CBM 132 Extra"]
[Source "ChessBase"]
[SourceDate "2009.11.03"]
[SourceVersion "1"]
[SourceVersionDate "2009.11.03"]
[SourceQuality "1"]

1. Nf3 d5 2. d3 Nf6 3. Nbd2 Bf5 4. g3 Nc6 5. c4 d4 6. b4 Nxb4 7. Qa4+ Nc6 8. Rb1 Qd7 9. Rxb7 e6 10. Nb3 Nd8 11. Rb5 c6 12. Ra5 c5 13. Bg2 Qxa4 14. Rxa4 Rc8 15. Rxa7 Nc6 16. Ra4 Bd6 17. Ba3 Nd7 18. Nfxd4 Nxd4 19. Nxd4 Be5 20. Nb5 0-0 21. 0-0 Rfd8 22. Rb1 Nb6 23. Ra7 Nxc4 24. Bc1 Bg6 25. a4 Rb8 26. Bf4 Bxf4 27. gxf4 Nd6 28. Rc7 c4 29. f5 Bxf5 30. e4 Bg6 31. dxc4 Nxe4 32. Re1 Nd2 33. Na7 Kf8 34. a5 Nb3 35. Nc6 Rbc8 36. Rxc8 Rxc8 37. a6 Nc5 38. a7 Ra8 39. Re5 Nd7 40. Ra5 Nb6 41. c5 Nc8 42. Rb5 Nxa7 43. Ra5 Rc8 44. Rxa7 f6 45. Nd4 Bf7 46. c6 e5 47. Nb5 Be6 48. c7 Ke7 49. Bb7 1-0

[Event "Pan American-ch U20"]
[Site "Montevideo"]
[Date "2009.10.10"]
[Round "7"]
[White "Carlo, Daniel"]
[Black "Decuadro, Sebastian"]
[Result "0-1"]
[WhiteElo "2091"]
[BlackElo "2034"]
[PlyCount "64"]
[EventDate "2009.10.06"]
[EventType "swiss"]
[EventRounds "9"]
[EventCountry "URU"]
[SourceTitle "CBM 132 Extra"]
[Source "ChessBase"]
[SourceDate "2009.11.03"]
[SourceVersion "1"]
[SourceVersionDate "2009.11.03"]
[SourceQuality "1"]

1. e4 c5 2. Nf3 d6 3. d4 cxd4 4. Nxd4 Nf6 5. Nc3 a6 6. Be3 e5 7. Nb3 Be6 8. f3 Be7 9. Qd2 0-0 10. 0-0-0 Nbd7 11. g4 b5 12. Ne2 Nb6 13. Ng3 d5 14. Nc5 d4 15. Nxe6 fxe6 16. Qg2 Nc4 17. Bxc4 bxc4 18. c3 Qa5 19. cxd4 Qxa2 20. Qc2 Rab8 21. Qb1 Qb3 22. Kd2 exd4 23. Bxd4 Qxf3 24. Rhf1 Qxg4 25. Qc2 Qg5+ 26. Ke2 Qh4 27. Rf2 Ng4 28. Rg2 Nxh2 29. Nf5 Qh5+ 30. Kd2 Nf3+ 31. Kc1 Bg5+ 32. Ne3 Nxd4 0-1

[Event "Pan American-ch U20"]
[Site "Montevideo"]
[Date "2009.10.07"]
[Round "3"]
[White "Vaz Lacuesta, Leonardo"]
[Black "Carlo, Daniel"]
[Result "1-0"]
[WhiteElo "2028"]
[BlackElo "2091"]
[PlyCount "65"]
[EventDate "2009.10.06"]
[EventType "swiss"]
[EventRounds "9"]
[EventCountry "URU"]
[SourceTitle "CBM 132 Extra"]
[Source "ChessBase"]
[SourceDate "2009.11.03"]
[SourceVersion "1"]
[SourceVersionDate "2009.11.03"]
[SourceQuality "1"]

1. e4 c5 2. Nf3 e6 3. d4 cxd4 4. Nxd4 a6 5. c4 Nf6 6. Bd3 Qc7 7. 0-0 Bc5 8. Nb3 Ba7 9. Nc3 h5 10. Qe2 Nc6 11. g3 h4 12. Bf4 Ne5 13. Kg2 d6 14. Bxe5 dxe5 15. Rac1 Bd7 16. Nd2 Ke7 17. b4 Rh6 18. c5 Nh5 19. Nf3 Rg6 20. Qd2 Nf4+ 21. Kh1 hxg3 22. fxg3 Nh5 23. Nh4 Rf6 24. Qg5 Rh8 25. Be2 Nxg3+ 26. Qxg3 Rhh6 27. Qxg7 Qd8 28. Rxf6 Rxf6 29. Rd1 Bb8 30. Bh5 Qe8 31. Ng6+ Rxg6 32. Bxg6 Bc6 33. Rf1 1-0

[Event "Pan American-ch U16"]
[Site "Cuenca"]
[Date "2006.08.??"]
[Round "9"]
[White "Carlo, Daniel"]
[Black "Quijano Ruiz, Luis"]
[Result "0-1"]
[WhiteElo "2132"]
[BlackElo "2202"]
[PlyCount "46"]
[EventDate "2006.08.??"]
[EventType "swiss"]
[EventRounds "9"]
[EventCountry "ECU"]
[SourceTitle "EXT 2022"]
[Source "ChessBase"]
[SourceDate "2021.10.06"]
[SourceVersion "1"]
[SourceVersionDate "2021.10.06"]
[SourceQuality "1"]

1. e4 e5 2. Nf3 Nc6 3. d4 exd4 4. Nxd4 Bc5 5. Be3 Qf6 6. c3 Nge7 7. Bc4 Ne5 8. Be2 0-0 9. f4 Qh4+ 10. g3 Qh6 11. Nf5 Nxf5 12. Bxc5 Nxg3 13. Bxf8 Nxh1 14. fxe5 Kxf8 15. Na3 Qh4+ 16. Kd2 Nf2 17. Qa4 Qxe4 18. Qb5 Qf4+ 19. Kc2 d6 20. Rf1 Qe4+ 21. Kd2 Ng4 22. Bc4 Nxe5 23. Re1 Nf3+ 0-1

[Event "Pan American-ch U14"]
[Site "Bogota"]
[Date "2004.07.26"]
[Round "4"]
[White "Meza Ponce, Jeison"]
[Black "Carlo, Daniel"]
[Result "1-0"]
[WhiteElo "2104"]
[BlackElo "2216"]
[PlyCount "44"]
[EventDate "2004.07.24"]
[EventType "swiss"]
[EventRounds "9"]
[EventCountry "COL"]
[SourceTitle "CBM 101 Extra"]
[Source "ChessBase"]
[SourceDate "2004.09.01"]
[SourceVersion "2"]
[SourceVersionDate "2004.09.01"]
[SourceQuality "1"]

1. e4 c5 2. Nf3 e6 3. d4 cxd4 4. Nxd4 a6 5. g3 Nf6 6. Bg2 Qc7 7. 0-0 Be7 8. Nc3 0-0 9. f4 Nc6 10. Be3 d6 11. Bf3 Nxd4 12. Bxd4 e5 13. Be3 b5 14. Nd5 Nxd5 15. exd5 Bb7 16. fxe5 dxe5 17. d6 Bxd6 18. Bxb7 Qxb7 19. Qxd6 Qe4 20. Qd3 Qc6 21. Rad1 Rac8 22. c3 h6 1-0